000 00439nam a2200157Ia 4500
003 OSt
005 20200608095831.0
008 190216s9999||||xx |||||||||||||| ||und||
040 _coclc
082 _a327
_bSHA/I
100 _aSharma, U
_91803
245 0 _aInternational Relations /
_cU Sharma
260 _bLakshmi Narain Agarwal Pub,
_c1993.
_aAgra:
300 _a360p
942 _cBK
_2ddc
_h327
_iSHA/I
_k327
_mSHA/I
999 _c20855
_d20855